Myslivcův rok. 3. svazek, Podzim /

Uložené v:
Podrobná bibliografia
Hlavný autor: Vrba, Jan, 1889-1961
Ďalší autori: Pospíšil, Jaroslav (Illustrator)
Médium: Kniha
Jazyk:Czech
Vydané: Praha : Československý spisovatel, 1976.
Vydanie:5. vyd. (Československý spisovatel 3. vyd.)
ISBN: (viaz.)
Fyzický popis: 230 s.
Tagy: Pridať tag
Žiadne tagy, Buďte prvý kto otaguje tento záznam!

MARC

LEADER 00000nam a2200000 a 4500
001 000420113
005 20130606155517.0
008 090726s1976 xr e cze d
020 |a (viaz.)  |c Kčs 15,00 
040 |a SVKKK  |b slo  |c SVKKK  |e AACR2 
041 0 |a cze 
044 |a xr  |c CZ 
100 1 |a Vrba, Jan,  |d 1889-1961 
245 1 0 |a Myslivcův rok.  |n 3. svazek,  |p Podzim /  |c Jan Vrba ; ilustrace Jaroslav Pospíšil. 
246 3 0 |a Podzim 
250 |a 5. vyd. (Československý spisovatel 3. vyd.) 
260 |a Praha :  |b Československý spisovatel,  |c 1976. 
300 |a 230 s. 
700 1 |a Pospíšil, Jaroslav,  |4 ill 
910 |a svkkk 
998 |a BK 
090 |g SCKHL  |k Sklad Hlavná 10 suterén  |a I.46153  |j 545613  |i 2720689461  |s Absenčne